Write Like Hemingway: Writing Lessons You Can Learn from the Master / (Record no. 595122)
[ view plain ]
| 000 -LEADER | |
|---|---|
| fixed length control field | 00684nam a22001337a 4500 |
| 040 ## - CATALOGING SOURCE | |
| Original cataloging agency | o |
| Transcribing agency | 0 |
| 082 ## - DEWEY DECIMAL CLASSIFICATION NUMBER | |
| Classification number | 808.3,WIL |
| 100 ## - MAIN ENTRY--PERSONAL NAME | |
| Personal name | Wilson, R. Andrew |
| 9 (RLIN) | 113370 |
| 245 ## - TITLE STATEMENT | |
| Title | Write Like Hemingway: Writing Lessons You Can Learn from the Master / |
| Statement of responsibility, etc. | R. Andrew Wilson |
| 260 ## - PUBLICATION, DISTRIBUTION, ETC. | |
| Place of publication, distribution, etc. | USA, |
| Name of publisher, distributor, etc. | Adams Media, |
| Date of publication, distribution, etc. | 2009. |
| 300 ## - PHYSICAL DESCRIPTION | |
| Extent | 256p. |
| 505 ## - FORMATTED CONTENTS NOTE | |
| Formatted contents note | Papa Hemingway, writer of the world (Page-7), The education of Ernest Hemingway (Page-11), A lean well-honed style (Page-41), An immovable life (Page-79), Dialogue (Page-121), The green hills of Hemingway (Page-151), For whom the story's told (Page-183), Conclusion (Page-229), Note (Page-231), Index (Page-243). |
| 942 ## - ADDED ENTRY ELEMENTS (KOHA) | |
| Source of classification or shelving scheme | |
| Koha item type | Book |
| Call number prefix | 808.3,WIL |
| Withdrawn status | Lost status | Source of classification or shelving scheme | Damaged status | Not for loan | Permanent Location | Current Location | Shelving location | Date acquired | Total Checkouts | Full call number | Barcode | Date last seen | Price effective from | Koha item type | Public note |
|---|---|---|---|---|---|---|---|---|---|---|---|---|---|---|---|
| Military College of Signals (MCS) | Military College of Signals (MCS) | General Stacks | 07/05/2023 | 808.3,WIL | MCS37693 | 07/05/2023 | 07/05/2023 | Book | Almirha No 56, Shelf No 3 |
